La France et l'Italie : Histoire de deux nations soeurs, de 1660 à nos jours (notice n° 2198286)
[ vue normale ]
| 000 -LEADER | |
|---|---|
| fixed length control field | 01701cam a2200157 4500500 |
| 005 - DATE AND TIME OF LATEST TRANSACTION | |
| control field | 20260405085526.0 |
| 041 ## - LANGUAGE CODE | |
| Language code of text/sound track or separate title | fre |
| 042 ## - AUTHENTICATION CODE | |
| Authentication code | dc |
| 100 10 - MAIN ENTRY--PERSONAL NAME | |
| Personal name | Bertrand, Gilles |
| Relator term | author |
| 245 00 - TITLE STATEMENT | |
| Title | La France et l'Italie : Histoire de deux nations soeurs, de 1660 à nos jours |
| 260 ## - PUBLICATION, DISTRIBUTION, ETC. | |
| Name of publisher, distributor, etc. | Armand Colin,<br/> |
| Date of publication, distribution, etc. | 2022.<br/> |
| 520 ## - SUMMARY, ETC. | |
| Summary, etc. | Sous l’Ancien Régime, des relations paradoxales se nouent entre la mosaïque des États italiens et le royaume de France. Celui-ci ne parvient pas à assurer sa domination politique sur la péninsule, tandis qu’Italiens et Français rivalisent sur le plan scientifique et artistique. L’irruption de la présence française sous Napoléon agit comme un électrochoc, rendant incontournables, des deux côtés des Alpes, les héritages révolutionnaires.De la chute de l’empereur à l’arrivée au pouvoir de Mussolini, la France et l’Italie se pensent plus que jamais comme deux sœurs, dont les liens sont tissés d’estime et de solidarité mais aussi de mépris et de rivalité. Les tensions et les apaisements autour de la question romaine puis de la question coloniale vont rythmer leurs relations pendant plus d’un siècle.Au cours du premier XXe siècle, les relations sont à la fois conflictuelles (en raison du fascisme et de la Seconde Guerre mondiale) et étroites (du fait de l’émigration italienne) ; depuis 1945, les deux États tentent ensemble de construire l’Europe, tandis que leurs peuples s’interpénètrent toujours davantage. |
| 700 10 - ADDED ENTRY--PERSONAL NAME | |
| Personal name | Frétigné, Jean-Yves |
| Relator term | author |
| 700 10 - ADDED ENTRY--PERSONAL NAME | |
| Personal name | Giacone, Alessandro |
| Relator term | author |
| 856 41 - ELECTRONIC LOCATION AND ACCESS | |
| Uniform Resource Identifier | <a href="https://shs.cairn.info/la-france-et-l-italie--9782200630119?lang=fr&redirect-ssocas=7080">https://shs.cairn.info/la-france-et-l-italie--9782200630119?lang=fr&redirect-ssocas=7080</a> |
Pas d'exemplaire disponible.




Réseaux sociaux